000 02264nam a2200445 c 4500
003 BLK
005 20231229163341.0
008 180411b bul|||||r ||||||| ||bul||
010 _aKNG00184221000
020 _a978-954-9696-68-4
_bиздат.: AMG
040 _aBLK
041 _aBUL
_cBUL
072 7 _2bullib
_aН33
_xИкономика Н
080 _aИкономическо положение. Икономическа политика. Управление. Планиране. Производство. Услуги. Цени
_b338
_x(02.062)
_z338(02.062)
080 _aФорми на предприятията в зависимост от отношението към собствеността...
_b334.72
_x(02.062)
_z334.72(02.062)
080 _aИкономическа психология. Икономическо поведение. Физиологични и психологични елементи. Интереси. Икономически дух
_b330.16
_x(02.062)
_z330.16(02.062)
080 _aЕтика на бизнеса. Успех
_b174.4
_x(02.062)
_z174.4(02.062)
100 1 _aБрансън, Ричард
_eпърви автор
_942928
700 1 _aТошева, Антоанета
_eпрев. от англ.
_9368437
139 _aБрансън, Ричард
_bБ 77
245 1 0 _a[Лайк] Like A Virgin
_bТайни за бизнеса, които не се преподават в училище
_cРичард Брансън; прев. от англ. Антоанета Тошева.
257 _aGBR
260 София
_bAMG
_c2015
300 _a360 с.
_c21 см
380 _a3
500 _aОриг. загл. Like A Virgin / Richard Branson.
650 4 _aБизнес
_9148592
650 4 _aПредприемачество
_9167569
650 4 _aИкономическо поведение
_9245306
653 _aбизнес
653 _aпредприемачество
653 _aикономическо поведение
659 _aН
852 _aЦб 277737
856 4 _qpdf
_u
856 4 _qpdf
_u
942 _cKNG
_n0
_06
944 _aCR
_c28.10.2015
_lИваничка Йорданова
_k30553
944 _aED
_c16.02.2016
_lф /
_kЛюдмила_Стоянова
999 _c175627
_d175627